000 01977cam a22002174a 4500
005 20250605164222.0
008 250528s ||||||||||||||||||||||||d
035 _a20708
020 _a9600313717
040 _aGR-AtMCL
_bgre
_dGR-AtMCL
_eAACR2
245 1 _aΨυχαναλυτική Βιβλιοθήκη για το Παιδί και τον Έφηβο
260 _bΚαστανιώτη,
_c1995
300 _a232
520 _aΠροσωπικότητα ισχυρή και αμφιλεγόμενη επηρέασε αναμφισβήτητα την πορεία της ψυχανάλυσης με τις ιδέες της, που, βρίσκοντας γόνιμο έδαφος σε συνομήλικους ή νεότερους συναδέλφους της, δημιούργησαν μια ξεχωριστή κατεύθυνση στην ψυχαναλυτική σκέψη, που ονομάστηκε Κλινική. Πρόλογος, Εισαγωγή, Τα Πρώτα Χρόνια, Η Τεχνική του Παιχνιδιού, Ψυχανάλυση Παιδιών, Νέες Ιδέες 1919-34, Η Βρετανική Ψυχαναλυτική Εταιρεία, Η Καταθλιπτική Θέση, Οι ''Επίμαχες Συζητήσεις'', Η Παρανοειδής - Σχιζοειδής Θέση, Νέο Φως στη Δομική Θεωρία του Ψυχισμού και του Άγχους και της Ενοχής, Φθόνος και Ευγνωμοσύνη, Τα Τελευταία Χρόνια, Melanie Klein και η Προσωπικότητα και το Έργο της, Παραπομπές, Βιβλιογραφία, Πλήρης Κατάλογος των Γραπτών της Melanie Klein, Βιβλιογραφία της Hanna Segal.
700 1 _aΑναστασόπουλος Δ
_96670
700 1 _aΚλάιν Μέλανι
_96671
700 1 _aΤσιαντής Γ
_96672
942 _cBK
999 _c5793
_d5793